000 00725nam a2200205 4500
001 117537
003 ES-MaACL
005 20231228201713.0
007 t|
008 070214s1964 sp r ||||1| spa d
245 0 0 _aPanorama español contemporáneo :
_bXXV años de paz /
_cJoaquín Ruiz Giménez ... [et al.].
260 _aMadrid :
_bCultura Hispánica,
_c1964.
300 _a313 p. ;
_c20 cm.
651 4 _aEspaña-
_xVida intelectual-
_y1939-1975.
_98528
651 _aEspaña-
_xSituación social-
_y1939-1975.
_9163951
651 4 _aEspaña-
_xSituación económica-
_y1939-1975.
_9163578
700 1 _aRuiz-Giménez, Joaquín,
_d1913-2009
_9100820
852 _aES-MaACL
_jC-27874
999 _c117537
_d117537